| Tag |
First Indicator |
Second Indicator |
Subfields |
| LEADER |
00000cam a2200000Ii 4500 |
| 001 |
in00003734421 |
| 005 |
20211120101806.0 |
| 006 |
m o d f |
| 007 |
cr m|||||||||| |
| 008 |
151106s2015 mdua ob f000 0 eng d |
| 020 |
|
|
|a 9781587634451
|q (epub)
|
| 020 |
|
|
|a 1587634457
|q (epub)
|
| 035 |
|
|
|a (OCoLC)ocn928068139
|
| 037 |
|
|
|a 017-300-00033-4 (epub)
|b GPO
|
| 043 |
|
|
|a n-us---
|
| 040 |
|
|
|a VVK
|b eng
|e rda
|e pn
|c VVK
|d COO
|d OCLCQ
|d TEFOD
|d OCLCF
|d GPO
|d MvI
|
| 049 |
|
|
|a WWW
|
| 074 |
|
|
|a 0507-I-01 (online)
|
| 086 |
0 |
|
|a HE 20.6502:P 81
|
| 245 |
0 |
0 |
|a Population health :
|b behavioral and social science insights /
|c co-edited by Robert M. Kaplan, Michael L. Spittel, Daryn H. David.
|
| 246 |
3 |
0 |
|a Behavioral and social science insights
|
| 264 |
|
1 |
|a [Rockville, Md.] :
|b Department of Health & Human Services, Agency for Healthcare Research and Quality ;
|a [Bethesda, Md.] :
|b National Institutes of Health, Office of Behavioral and Social Sciences Research,
|c 2015.
|
| 264 |
|
2 |
|a [Washington, D.C.] :
|b [Distributed by the Superintendent of Documents, U.S. Government Publishing Office]
|
| 300 |
|
|
|a 1 online resource (viii, 431 pages) :
|b illustrations.
|
| 336 |
|
|
|a text
|b txt
|2 rdacontent
|
| 337 |
|
|
|a computer
|b c
|2 rdamedia
|
| 338 |
|
|
|a online resource
|b cr
|2 rdacarrier
|
| 490 |
1 |
|
|a AHRQ publication ;
|v no. 15-0002
|
| 500 |
|
|
|a "July 2015."
|
| 504 |
|
|
|a Includes bibliographical references.
|
| 588 |
|
|
|a Description based on PDF version; title from title screen (viewed Oct. 16, 2015).
|
| 650 |
|
0 |
|a Social medicine.
|
| 650 |
|
0 |
|a Quality of life.
|
| 650 |
|
0 |
|a Medical care.
|
| 650 |
|
0 |
|a Health behavior.
|
| 650 |
|
7 |
|a Health behavior.
|2 fast
|0 (OCoLC)fst00952816
|
| 650 |
|
7 |
|a Medical care.
|2 fast
|0 (OCoLC)fst01013753
|
| 650 |
|
7 |
|a Quality of life.
|2 fast
|0 (OCoLC)fst01085009
|
| 650 |
|
7 |
|a Social medicine.
|2 fast
|0 (OCoLC)fst01122637
|
| 700 |
1 |
|
|a Kaplan, Robert M.
|q (Robert Malcolm),
|d 1947-
|e editor.
|
| 700 |
1 |
|
|a Spittel, Michael L.,
|e editor.
|
| 700 |
1 |
|
|a David, Daryn H.,
|e editor.
|
| 710 |
1 |
|
|a United States.
|b Agency for Healthcare Research and Quality,
|e issuing body.
|
| 710 |
2 |
|
|a National Institutes of Health (U.S.).
|b Office of Behavioral and Social Sciences Research,
|e issuing body.
|
| 776 |
0 |
8 |
|i Print version:
|t Population health
|w (DLC) 2015461185
|w (OCoLC)936234276
|
| 830 |
|
0 |
|a AHRQ publication ;
|v no. 15-0002.
|
| 856 |
4 |
0 |
|3 Available in PDF, Mobi and epub versions
|u https://purl.fdlp.gov/GPO/gpo68570
|t 0
|
| 856 |
4 |
0 |
|3 Available in PDF, Mobi and epub versions
|u http://purl.fdlp.gov/GPO/gpo68570
|t 0
|
| 999 |
f |
f |
|s baca0e62-804b-32fc-b3e5-4668042fc6a1
|i 027632da-86ee-38bf-a4af-a670fff3362f
|t 0
|
| 952 |
f |
f |
|a Texas A&M University
|b College Station
|c Electronic Resources
|d Available Online
|t 0
|e HE 20.6502:P 81
|h Superintendent of Documents classification
|
| 998 |
f |
f |
|a HE 20.6502:P 81
|t 0
|l Available Online
|